''The insulted, humiated and persecuted : (Record no. 42550)

MARC details
000 -LEADER
fixed length control field 00570nam a22002057a 4500
005 - DATE AND TIME OF LATEST TRANSACTION
control field 20100819113936.0
010 ## - LCCN (DPL NO)
LC control number ENG-100941
020 ## - INTERNATIONAL STANDARD BOOK NUMBER
Terms of availability 50.00
035 ## - SYSTEM CONTROL NUMBER
System control number EN-84474
037 ## - SOURCE OF ACQUISITION
Source of stock number/acquisition DBAD/PUB
082 ## - DEWEY DECIMAL CLASSIFICATION NUMBER
Classification number 920
100 ## - MAIN ENTRY--PERSONAL NAME
Personal name Anant Kadam
245 ## - TITLE STATEMENT
Title ''The insulted, humiated and persecuted :
Remainder of title few fragamen of an autobigraphi /
Statement of responsibility, etc by Anant Kadam
260 ## - PUBLICATION, DISTRIBUTION, ETC. (IMPRINT)
Place of publication, distribution, etc Maharashtra
Name of publisher, distributor, etc Swagat Prakashan
270 ## - ADDRESS
Address Nagaland Legislative Assembly
City Kohima
300 ## - PHYSICAL DESCRIPTION
Extent ix, 878 p.
Other physical details 24cm (Pbk)
700 ## - ADDED ENTRY--PERSONAL NAME
9 (RLIN) 15115
700 ## - ADDED ENTRY--PERSONAL NAME
9 (RLIN) 15135
942 ## - ADDED ENTRY ELEMENTS (KOHA)
Source of classification or shelving scheme Dewey Decimal Classification
Item type English Books
Classification part 328
Call number suffix OFF

No items available.


© Delhi Public Library
Hit Counter
free hit counter